000 00608nam a2200217Ia 4500
003 OSt
005 20220926045013.0
006 a|||||r|||| 00| 0
007 ta
008 220923b |||||||| |||| 00| 0 eng d
037 _cGeneral Book
040 _aRTL
_cRTL
_beng
041 _2eng
_aeng
082 _aX7243:1:3:N5, J1
100 _aCrawfurd H E
_9349738
245 0 _aThat's the way the money goes
_b A study of the rela
260 _c1951
700 _a Short Ernest
_9349739
942 _hX7243:1:3:N5, J1
_cGB
_2CC
999 _c676442
_d676442